000 00288nam a2200121Ia 4500
008 221030s9999 xx 000 0 und d
041 _aEnglish
100 _aM. M. S. Rauthan
245 0 _aExpert DataStructures with C++
_cby M. M. S. Rauthan
260 _c0
650 _aB
942 _cBK
999 _c14017
_d14017